Physics:foundations and frontiers / (Record no. 11042)
[ view plain ]
| 000 -LEADER | |
|---|---|
| fixed length control field | 00521cam a2200205ua 4500 |
| 041 ## - LANGUAGE CODE | |
| Language code of text/sound track or separate title | eng |
| 082 ## - DEWEY DECIMAL CLASSIFICATION NUMBER | |
| Classification number | 530 |
| Item number | GAM/PH |
| 100 ## - MAIN ENTRY--AUTHOR NAME | |
| Personal name | Gamow, George . |
| 245 ## - TITLE STATEMENT | |
| Title | Physics:foundations and frontiers / |
| 250 ## - EDITION STATEMENT | |
| Edition statement | 2 / |
| 260 ## - PUBLICATION, DISTRIBUTION, ETC. (IMPRINT) | |
| Place of publication | New Delhi : |
| Name of publisher | Prentice Hall of India Pvt Ltd. , |
| Year of publication | 1963. |
| 300 ## - PHYSICAL DESCRIPTION | |
| Number of Pages | 551 ; . |
| 700 1# - ADDED ENTRY--PERSONAL NAME | |
| Personal name | Cleveland , John M . |
| 942 ## - ADDED ENTRY ELEMENTS (KOHA) | |
| Koha item type | Books |
| Withdrawn status | Lost status | Damaged status | Home library | Current library | Date acquired | Full call number | Accession Number | Koha item type |
|---|---|---|---|---|---|---|---|---|
| KAUAET | KAUAET | 07/04/2012 | 530 GAM/PH | 10786 | Books | |||
| Withdrawn | KAUAET | KAUAET | 07/04/2012 | 530 GAM/PH | 8000 | Books |
